000 00448nam a2200181Ia 4500
001 20846
005 20260306172835.0
008 260306t2015||||xx |||||||||||||| ||spa||
041 _aESP
082 _a343.8
_bG312
100 _aContadores y Empresas
_eAUT
245 0 _aGuía de la principales materias tributarias 2015
260 _c2015
300 _a48 páginas :
_c24 cm.
650 _aGEN
654 _aCDE
942 _cLIB
_dJUS
_fJUS
_2ddc
_n
999 _c20846
_d20846